[Faktúra]

Bibliographic Details
Main Author: Chalidus (Author)
Format: Book
Language:Arabic
PhysicalDescription:161 strán
Published: [Košice] [Kalid El-Momany] 2020
ISBN:9788057022848
Subjects:

MARC

LEADER 00000cam a2200000 4500
001 vtls012017620
003 SK-MaSNL
005 20260301104107.0
008 210311s2020 xo gr 000 j ara
015 |a SNBA2022/01 
020 |a 9788057022848  |q (brožované) 
040 |a SNK  |b slo  |c SNK  |e rda 
041 0 |a ara 
044 |a xo  |c SK 
072 7 |a 821.41  |x Afroázijské (hamitskosemitské) literatúry  |2 konspekt 
080 |a 821.411.21-3  |2 2011 
100 0 |a Chalidus  |4 aut  |9 442281 
245 1 1 |a [Faktúra]  |c Chalidus 
264 1 |a [Košice]  |b [Kalid El-Momany]  |c 2020 
300 |a 161 strán 
336 |a text  |b txt  |2 rdacontent 
337 |a bez média  |b n  |2 rdamedia 
338 |a zväzok  |b nc  |2 rdacarrier 
500 |a Slovenský ekvivalent názvu podľa NA ISBN 
500 |a Vydavateľské údaje podľa NA ISBN 
546 |a Názov a text v arabčine 
655 7 |a arabská próza  |2 SNKPH  |9 442282 
655 7 |a Arabic prose literature  |2 SNKPHeng  |9 442283 
919 |a 978-80-570-2284-8 
958 |a LX 
999 |c 697228  |d 699158 
952 |a SNK  |b SNK  |y PREZ  |7 0  |p 17A1450392  |o snkSC 191881  |i snk2021/1470  |8 0  |0 0  |1 0  |4 0  |d 2021-03-11  |f 1  |l 0  |r 2025-10-08 00:00:00  |w 2026-02-23 
952 |a SNK  |b SNK  |y VYP  |7 0  |p 17A1450393  |o snkSC 191881 D1  |i snk2021/1471  |8 0  |0 0  |1 0  |4 0  |d 2021-03-11  |l 0  |r 2026-02-23 20:46:05  |w 2026-02-23